Reading English discourse business, economics, law...

Uloženo v:
Podrobná bibliografie
Médium: Kniha
Vydáno: 1986
Tagy: Přidat tag
Žádné tagy, Buďte první, kdo otaguje tento záznam!
Thư viện lưu trữ: Mạng thư viện Đại học Đà Nẵng
LEADER 00456nam a22001811a 4500
001 000037705
003 14000
005 20160412020827.0
008 160412s1986 000
082 |a 4A(07)1084 
245 |a Reading English discourse business, economics, law...  |c Bachman 
260 |c 1986 
OWN |a LNN 
999 |a From the UDN01 
TYP |a Monograph 
980 |a Mạng thư viện Đại học Đà Nẵng